00344nam a2200073Ia 4500008004100000082000800041100001300049245020800062240331s9999 xx 000 0 und d bDIR aIRED. ed 2aA Directory :bforeign NGOs with direct programme implementation, foreign donors, foreign support service agencies, national NGOs with foreign initiative, international/regional NGO networks in Sri Lanka